000 00765cam a2200229 a 4500
001 000007951
005 20200929154350.0
008 820721s1988 pr 000 j spa
020 _a8449949327 (pbk.)
040 _aDO-SdBNP
_cDLC
_dDLC
082 _aPR863.44
_bL951v, 1988
100 1 _aLugo Filippi, Carmen,
_d1940-
_921760
245 1 0 _aVírgenes y mártires :
_bcuentos /
_cCarmen Lugo Filippi, Ana Lydia Vega.
250 _a3a ed.
260 _aRío Piedras, Puerto Rico :
_bAntillana,
_c1988.
300 _a139 p. ;
_c21 cm.
590 _aAutografiado y dedicado por una de las autoras
650 4 _aCuentos puertorriqueños
_9249
650 4 _aLiteratura puertorriqueña
_9250
700 1 _aVega, Ana Lydia
_921761
910 _aCatalogación por copia / LC
999 _c7729
_d7729